| 000 | 00954nam a2200229 i 4500 | ||
|---|---|---|---|
| 001 | bg | ||
| 245 | 0 | 0 |
_aMass media w społeczeństwie obywatelskim : _bzasada równych szans dla kobiet i mężczyzn w przekazie dziennikarskim / _cpod red. Elżbiety H. Oleksy. |
| 260 |
_aŁódź : _bWydaw. Uniwersytetu Łódzkiego, _c1998. |
||
| 300 |
_a173 s. : _bil. ; _c22 cm. |
||
| 500 | _aReferaty i zapis paneli z trzech edycji warsztatów dla dziennikarzy krajowych i zagranicznych., zorg. przez Ośrodek Naukowo-Badawczy Problematyki Kobiet UŁ. - Tekst częśc. tł. z ang. | ||
| 650 | 9 |
_aKobieta _xsocjologia |
|
| 650 | 9 |
_aŚrodki masowego przekazu _xsocjologia |
|
| 655 | _aMateriały konferencyjne | ||
| 700 | 1 |
_aOLEKSY, Elżbieta H. _eRed. |
|
| 020 | _a837171257X | ||
| 040 | _cBPK | ||
| 041 | 1 |
_apl _hen |
|
| 080 | _a316.77:316.32:321.7:316.346.2-055.2](061) | ||
| 920 | _a83-7171-257-X | ||
| 942 | _cKS | ||
| 008 | s pl f |000 0 pol | ||
| 999 |
_c36339 _d36339 |
||
| 856 |
_uhttp://koha.tu.koszalin.pl/cgi-bin/koha/opac-detail.pl?biblionumber=36339 _yKatalog online BPK |
||